00783nam a2200253 a 4500001001300000003000900013005001700022008004100039020002300080082001800103100001600121245008100137260004600218300000800264500003500272505001700307650001500324650002500339700001600364902000800380942000700388952011900395999001500514nice12345678IN_TiNIC20260116012325.0050524s1993 amsa grp 000 0 eng  a9053832 c10000a633.6109bKNI aKnight, G R aColonial Production in Provincial Javab Sugar Industries in Pekalongan-Tega aAmsterdambCentre for Asian Studiesc1993 a67p aincludes index and biblioraphy2 aBibliography aSugar-Java aJava-Colonial Period1 aKnight, G R bSRS cBK 001040708StackRoom-aHMIbHMId2007-06-12g100.00l0o633.6109 KNIp014789r2007-06-12v100.00w2005-05-24yBK c6560d6560